| 000 | 00658nam a2200205Ia 4500 | ||
|---|---|---|---|
| 008 | 110201s9999 xx 000 0 und d | ||
| 082 |
_bB9831 _aS 1911 |
||
| 100 | _aकैफी शौकत | ||
| 100 | _aदेसाई जयश्री | ||
| 245 | _aकैफी आणि मी | ||
| 260 | _bमैत्रेय प्रकाशन | ||
| 365 | _b150 | ||
| 600 | _aकैफी शौकत | ||
| 600 | _aदेसाई जयश्री | ||
| 630 | _aकैफी आणि मी | ||
| 700 | _aकैफी शौकत | ||
| 700 | _aदेसाई जयश्री | ||
| 730 | _aकैफी आणि मी | ||
| 942 | _cBOOK | ||
| 999 |
_c835251 _d835248 |
||